[Event "Joao Pessoa op 4th"]
[Site "Joao Pessoa"]
[Date "2013.03.15"]
[Round "1"]
[White "De Araujo, Antonio Jose"]
[Black "De Almeida, Vitor Mauricio Sant"]
[Result "0-1"]
[WhiteElo "1752"]
[BlackElo "2157"]
[PlyCount "90"]
[EventDate "2013.03.15"]
[EventType "swiss"]
[EventRounds "6"]
[EventCountry "BRA"]
[SourceTitle "CBM 153 Extra"]
[Source "ChessBase"]
[SourceDate "2013.04.22"]
[SourceVersion "1"]
[SourceVersionDate "2013.04.22"]
[SourceQuality "1"]

1. Nf3 Nf6 2. Nc3 d5 3. e3 c5 4. Bb5+ Bd7 5. Bxd7+ Qxd7 6. d4 e6 7. 0-0 Nc6 8. a3 Rd8 9. Ne2 Bd6 10. c3 0-0 11. Qc2 c4 12. Bd2 Ne4 13. Rad1 f5 14. Ng3 Rf6 15. Nxe4 fxe4 16. Ne1 Qc7 17. g3 Rdf8 18. Ng2 Qf7 19. Bc1 Qh5 20. Nf4 Qf3 21. Qe2 Rxf4 22. Qxf3 Rxf3 23. Kg2 b5 24. Rde1 a5 25. Re2 Nd8 26. Bd2 Nf7 27. Rh1 h5 28. h4 Nh6 29. Rh3 Ng4 30. Be1 Rb8 31. Rh1 Rf7 32. Rf1 Rfb7 33. f4 exf3+ 34. Rxf3 Rf7 35. Rxf7 Kxf7 36. Bd2 b4 37. e4 bxa3 38. bxa3 Bxa3 39. exd5 exd5 40. Be1 Rb2 41. Kf3 Rxe2 42. Kxe2 Kf6 43. Kd1 Bd6 44. Kc2 Kf5 45. Kb1 Ke4 0-1